Un ragazzo all'inferno: viaggio allucinante in 19 istituti di rieducazione
| Main Author: | |
|---|---|
| Format: | Print Book |
| Language: | Undetermined language |
| Published: |
Roma
Napoleone
1975
|
| In: |
Inchieste (2)
Year: 1975 |
| Edition: | 2. ed. |
| Availability in Tübingen: | Present in Tübingen. UB: KB 6 A 80 |
| Check availability: | HBZ Gateway |
| Subito Delivery Service: | Order now. |
MARC
| LEADER | 00000cam a22000002c 4500 | ||
|---|---|---|---|
| 001 | 109430395X | ||
| 003 | DE-627 | ||
| 005 | 20241107222246.0 | ||
| 007 | tu | ||
| 008 | 910527s1975 xx ||||| 00| ||und c | ||
| 035 | |a (DE-627)109430395X | ||
| 035 | |a (DE-576)02430395X | ||
| 035 | |a (DE-599)BSZ02430395X | ||
| 035 | |a (OCoLC)03521285 | ||
| 035 | |a (DE-604)8034759891 | ||
| 040 | |a DE-627 |b ger |c DE-627 |e rakwb | ||
| 084 | |a IV 11680 |2 rvk |0 (DE-625)rvk/69408:11639 | ||
| 100 | 1 | |8 1\p |a Appignani, Mario |d 1954- |0 (DE-588)120153041 |0 (DE-627)696426900 |0 (DE-576)213089505 |4 aut | |
| 109 | |a Appignani, Mario 1954- | ||
| 245 | 1 | 3 | |a Un ragazzo all'inferno |b viaggio allucinante in 19 istituti di rieducazione |c Mario Appignani |
| 250 | |a 2. ed. | ||
| 264 | 1 | |a Roma |b Napoleone |c 1975 | |
| 300 | |a 198 S. | ||
| 336 | |a Text |b txt |2 rdacontent | ||
| 337 | |a ohne Hilfsmittel zu benutzen |b n |2 rdamedia | ||
| 338 | |a Band |b nc |2 rdacarrier | ||
| 490 | 1 | |a Inchieste |v 2 | |
| 583 | 1 | |a Archivierung prüfen |c 20200919 |f DE-640 |z 1 |2 pdager | |
| 830 | 0 | |a Inchieste |v 2 |9 2 |w (DE-627)1090120613 |w (DE-576)020120613 |7 am | |
| 883 | |8 1\p |a cgwrk |d 20241001 |q DE-101 |u https://d-nb.info/provenance/plan#cgwrk | ||
| 936 | r | v | |a IV 11680 |b Gesammelte Werke und Einzelwerke |k Romanistik |k Italienische Sprache und Literatur |k Italienische Literatur im 20. Jahrhundert |k Literaturgeschichte |k Einzelne Autoren und ausgewählte Anonyma |k Autoren A |k Appignani, Mario |k Gesammelte Werke und Einzelwerke |0 (DE-627)1271382938 |0 (DE-625)rvk/69408:11639 |0 (DE-576)201382938 |
| 951 | |a BO | ||
| ELC | |b 1 | ||
| LOK | |0 000 xxxxxcx a22 zn 4500 | ||
| LOK | |0 001 216510811X | ||
| LOK | |0 003 DE-627 | ||
| LOK | |0 004 109430395X | ||
| LOK | |0 005 20020606000000 | ||
| LOK | |0 008 910527||||||||||||||||ger||||||| | ||
| LOK | |0 040 |a DE-21 |c DE-627 |d DE-21 | ||
| LOK | |0 852 |a DE-21 | ||
| LOK | |0 852 1 |c KB 6 A 80 |9 00 | ||
| LOK | |0 935 |a krim | ||
| LOK | |0 936ln |a k4.2.3 | ||
| LOK | |0 939 |a 27-05-91 |b l01 | ||
| ORI | |a SA-MARC-krimdoka001.raw | ||
| SIG | |a UB: KB 6 A 80 | ||
